| 000 | 00957nam a2200313 a 4500 | ||
|---|---|---|---|
| 001 | 000037843 | ||
| 005 | 20201002031126.0 | ||
| 008 | 130307s2007 mx 000 0 spa d | ||
| 020 | _a968514639X | ||
| 040 |
_aDO-SdBNP _bspa _cBNPHU |
||
| 082 |
_a882 _bS681s |
||
| 100 | 1 |
_aSófocles _963003 |
|
| 245 | 1 | 0 |
_aSiete tragedias / _cSófocles. |
| 260 |
_aMéxico, D.F. : _bEdiciones Leyenda, _c2007. |
||
| 300 |
_a219 p. ; _c22 cm. |
||
| 490 | 1 | _aClásicos | |
| 500 | _aIncluye datos biográficos del autor en la solapa de la portada | ||
| 505 | 0 |
_aAyax -- _tFiloctetes -- _tLas Traquinias -- _tEdipo Rey -- _tEdipo en Colono -- _tAntígona -- _tElectra |
|
| 650 | 4 |
_aTragedia griega _947532 |
|
| 740 | 0 | 2 | _aAyax. |
| 740 | 0 | 2 | _aFiloctetes. |
| 740 | 3 | 2 | _aLas Traquinias. |
| 740 | 0 | 2 | _aEdipo Rey. |
| 740 | 0 | 2 | _aEdipo en Colono. |
| 740 | 0 | 2 | _aAntígona. |
| 740 | 0 | 2 | _aElectra. |
| 830 | 0 |
_aClásicos. _99850 |
|
| 910 | _aValidado. Control de calidad MFF | ||
| 999 |
_c37333 _d37333 |
||